000 00788cab a2200277 4500
001 ABS48931
008 090401t1993 xxu||||| |||| 00| 0 eng d
035 _a(Sirsi) u69170
041 _aeng
245 _aCentrefolio: Surrey
260 _c1993
350 _a0
490 _aCSW - The Property Week
_v44(2) 8 July 1993, 29-57(12)
650 _aDORKING
650 _aGUILDFORD
650 _aINDUSTRIAL MARKET
650 _aPROPERTY-COMMERCIAL PROPERTY-OFFICE PROPERTY-OFFICE PROPERTY MARKET
650 _aREDHILL
650 _aREIGATE
650 _aPROPERTY-COMMERCIAL PROPERTY-RETAIL PROPERTY-RETAIL PROPERTY MARKET
650 _aSURREY
650 _aWOKING
690 _aPROPERTY-COMMERCIAL PROPERTY-COMMERCIAL PROPERTY MARKET
942 _n0
948 _c04/03/1997
999 _c43450
_d43450